000 00761nam a2200253Ia 4500
003 OSt
005 20220928121408.0
006 a|||||r|||| 00| 0
007 ta
008 220927b |||||||| |||| 00| 0 eng d
020 _c6178.5
024 _a128553
037 _b233, 03/02/2016, Classic Book Service
_cTextual
040 _aSDCL
_cSDCL
_beng
041 _2eng
_aeng
082 _aX:(B), Q6
100 _aWisniewski Jerzy Witold
_9451896
245 0 _aMicroeconometrics in business management
260 _aChichester
_bWiley
_c2016
300 _axii;201p.
_ccm.
650 _aBusiness Economics
_9391653
942 _hX:(B), Q6
_cTEXL
_2CC
999 _c765895
_d765895